00476 2200169 4500001002100000005001500021035002000036245007200056100001700128300002800145260004000173082000800213084001400221020001800235008004100253990001200294INLIS00000000000160720250424101657 a0010-04250000231 aSmart Worker :bSejahtera Hidup Dengan Kerja Cerdas /cUken Junaedi0 aUken Junaedi a180 hlm ;c11.5 x 18 cm aBandung :bDimensi Publisher,c2007 a100 a100 UKE s a979-25-0659-4250424 0  a0754726